Biggest Cities in China's Borders - Statistics

General Stats
  • This quiz has been taken 9 times
  • The average score is 16 of 20
Answer Stats
Population City % Correct
35.7 mil Delhi
100%
7.35 mil Hanoi
100%
5.25 mil Kabul
100%
17.9 mil Kolkata
100%
18.8 mil Moscow
100%
27.6 mil Mumbai
100%
9.90 mil Ahmedabad
89%
12.9 mil Chennai
89%
14.3 mil Ho Chi Minh City
89%
11.7 mil Hyderabad
89%
6.35 mil Saint Petersburg
89%
21.0 mil Karachi
78%
14.6 mil Lahore
78%
8.00 mil Pune
78%
4.23 mil Lucknow
67%
5.65 mil Yangon
56%
4.53 mil Jaipur
44%
8.05 mil Surat
44%
14.7 mil Bengalore
33%
5.60 mil Islamabad
33%
No matching quizzes found
Score Distribution
Percent of People with Each Score
Percentile by Number Answered
Your Score History
You have not taken this quiz